[Event "12th Arad Open 2019"]
[Site "Arad"]
[Date "2019.07.25"]
[Round "2.17"]
[White "Balan, Bogdan"]
[Black "Secheres, Adrian-Simion"]
[Result "0-1"]
[WhiteElo "2036"]
[BlackElo "2394"]
[Annotator "TA"]
[PlyCount "88"]
[EventDate "2019.07.24"]
[EventType "swiss"]
[EventCountry "ROU"]
[SourceTitle "playchess.com"]
[Source "ChessBase"]
[SourceQuality "1"]

{[%evp 9,128,11,23,0,-11,0,15,11,23,42,51,41,77,36,62,14,12,0,42,0,-6,0,-6,-13,22,-69,-55,-55,-58,-58,-58,-77,-76,-73,-77,-60,0,-12,-20,-30,-29,-32,-36,-33,-7,-8,20,18,22,0,20,19,89,63,96,0,0,-118,-111,-112,-116,-118,-116,-116,-117,-137,-125,-121,-120,-166,-158,-158,-141,-138,-119,-128,-106,-151,-120,-111,-106,-138,-139,-184,-182,-181,-171,-264,-202,-202,-199,-320,-299,-308,-270,-291,-288,-275,-210,-319,-311,-325,-325,-371,-361,-382,-355,-469,-467,-863,-827,-929,-828,-1537,-1490,-1436,-1387,-1306,-1195,-29958,-29962]} 1. Nf3 c5 2. c4 Nc6 3. Nc3 e5 4. e3 Nf6 5. d4 e4 6. d5 {A34: Symmetrical English: 2 Nc3, lines with ...d5} exf3 7. dxc6 bxc6 (7... fxg2 8. cxd7+ Bxd7 9. Bxg2 g6 10. b3 Bg7 11. Qd6 Qb6 12. Qe5+ Kf8 13. Bb2 {½-½ (36) Dominguez Perez,L (2739)-Vachier Lagrave,M (2779) Saint Louis 2018}) 8. Qxf3 {The position is equal.} Bd6 9. g4 Be5 $146 ({Predecessor:} 9... O-O 10. Bd3 Rb8 11. h4 Be5 12. g5 Bxc3+ 13. bxc3 {0-1 (34) Georgiev,V (2538)-Yemelin,V (2540) Hamburg 2000}) 10. g5 Bxc3+ 11. bxc3 Ng8 $1 12. e4 Ne7 13. h4 d5 14. cxd5 cxd5 15. exd5 {And now d6! would win.} O-O $1 16. c4 Nf5 17. Bh3 (17. Bd3 $11 Nd4 18. Qd1) 17... Re8+ 18. Kf1 Nd4 19. Qd3 Ba6 $1 20. Be3 Qxd5 $1 21. cxd5 Bxd3+ 22. Kg1 Ne2+ (22... Rad8 $15 23. Bg2 Be4) 23. Kh2 Re4 24. Bxc5 Rxh4 25. Be3 Be4 26. Rhe1 Bf3 (26... Bxd5 $5 {[%cal Rd5f3]} 27. Rxe2 Be6 $15) 27. d6 Bg4 {[#]} 28. Rxe2 $1 {[%mdl 512]} Bxe2 29. Re1 Bb5 {Strongly threatening ...Bd7.} 30. Kg3 Ra4 (30... Rb4 $11 {remains equal.}) 31. d7 $16 Rd8 32. Bc5 (32. Rb1 $1 $16 {[%cal Rb1b5]} a6 33. Rc1 Bxd7 34. Bxd7 Rxa2 35. Rc7) 32... h5 $11 33. Be7 (33. Rd1 $11 Re4 34. Bxa7) 33... Rxd7 $17 34. Bxd7 Bxd7 {[%mdl 4096] Endgame KRB-KRB} 35. a3 Rg4+ 36. Kh2 Kh7 37. Re3 Kg6 38. Rd3 Be6 39. Rd6 Ra4 40. Rd8 h4 41. Rb8 h3 42. Rd8 Rf4 43. Kg3 Rc4 44. Kh2 Bf5 {Played: Rc4-c2} 0-1

[Event "12th Arad Open 2019"]
[Site "Arad"]
[Date "2019.07.25"]
[Round "2.18"]
[White "Fluerariu, Radu-Cristian"]
[Black "Peptan, Corina-Isabela"]
[Result "0-1"]
[WhiteElo "2021"]
[BlackElo "2375"]
[Annotator "TA"]
[PlyCount "78"]
[EventDate "2019.07.24"]
[EventType "swiss"]
[EventCountry "ROU"]
[SourceTitle "playchess.com"]
[Source "ChessBase"]
[SourceQuality "1"]

{[%evp 20,78,0,-22,-20,-22,-6,-23,-24,-50,0,-37,-37,-29,-30,-52,-48,-46,-12,-45,-24,-20,-33,-162,-133,-151,-52,-53,-11,-125,-132,-165,-177,-194,-182,-291,-151,-233,-230,-327,-315,-277,-322,-314,-204,-209,-185,-200,-211,-207,-206,-183,-194,-656,-656,-645,-620,-6391,-6383,-5202,-5102]} 1. Nf3 d5 2. g3 c6 3. Bg2 Nf6 4. O-O Bf5 5. d3 h6 6. b3 e6 7. Bb2 Be7 8. Nbd2 O-O 9. c4 Nbd7 10. a3 a5 11. Ra2 Re8 {A12: English Opening: 1...c6 with b3 by White} (11... Bh7 12. Qa1 Ne8 13. Rc1 Bf6 14. b4 Nc7 15. Nb3 axb4 16. axb4 dxc4 17. dxc4 Qe7 18. Bxf6 Nxf6 19. Nc5 b6 {1-0 (34) Almasi,Z (2689)-Antal,G (2553) Budapest 2018}) 12. Qa1 Bf8 13. Rd1 Qb6 $146 {Black has an edge.} ({Predecessor:} 13... Bh7 14. h3 Qe7 15. Ne5 Nxe5 16. Bxe5 Nd7 17. Bc3 Nb6 18. b4 axb4 19. axb4 {1-0 (59) McNab,C (2418)-Lamoureux,C (2360) Reykjavik 2007}) 14. e4 Bg4 15. h3 Bxf3 16. Bxf3 dxe4 $1 $40 {[%mdl 128] Black mounts an attack.} 17. dxe4 e5 $1 18. Rf1 Qc7 19. Bg2 Nc5 20. Bc3 Rad8 21. f4 (21. Qb1 $15) 21... Nd3 22. f5 Nc5 (22... Rd7 $17 23. Rf3 Bc5+ 24. Kh2 Nb4 $1 {[%mdl 512]}) 23. Kh2 $15 Rd7 24. Rc2 (24. b4 $11 {keeps the balance.} Na4 25. c5) 24... Nd3 $1 $17 25. Rd1 Bc5 26. Nf1 {[#]} Qb6 $1 27. Nd2 (27. Rb1 $142) 27... Be3 ({Better is} 27... Bf2 $19 {And now ...Bxg3+! would win.} 28. Qb1 Red8) 28. Qb1 (28. b4 $17 {was called for.}) 28... Red8 29. b4 (29. Rf1 $142) 29... axb4 $19 30. axb4 Nf2 31. c5 Qc7 32. Rf1 {[#] Hoping for Nc4.} N2g4+ $1 {[%mdl 512]} 33. hxg4 {aiming for Nc4.} Bxd2 34. Kh3 Bxc3 35. Rxc3 Rd2 36. Bf3 $2 (36. Rc2) 36... Nh7 {( -> ...Ng5+). Black is clearly winning.} 37. Bg2 Qd7 38. Re3 Ng5+ 39. Kh2 {[#]} Rxg2+ $1 {[%mdl 576] Clearance. Accuracy: White = 28%, Black = 52%.} 0-1

[Event "12th Arad Open 2019"]
[Site "Arad"]
[Date "2019.07.25"]
[Round "2.19"]
[White "Bogdan, Dan"]
[Black "Gratze, Michael"]
[Result "1-0"]
[WhiteElo "2370"]
[BlackElo "2037"]
[Annotator "TA"]
[PlyCount "97"]
[EventDate "2019.07.24"]
[EventType "swiss"]
[EventCountry "ROU"]
[SourceTitle "playchess.com"]
[Source "ChessBase"]
[SourceQuality "1"]

{[%evp 18,97,31,42,35,30,23,25,63,58,65,70,79,78,91,45,48,46,84,90,122,132,144,140,142,71,97,100,102,110,107,109,109,109,110,102,171,177,179,179,179,179,176,179,239,235,260,300,286,297,253,280,262,141,194,120,235,235,224,202,219,220,214,127,151,150,148,127,230,230,230,230,225,225,230,187,187,187,230,222,29982,29983]} 1. c4 Nf6 2. g3 g6 3. Bg2 Bg7 4. d4 O-O 5. Nf3 d6 6. O-O c6 7. Nc3 Qa5 8. h3 Be6 9. Nd2 d5 10. Nb3 Qd8 {E62: King's Indian: Fianchetto: 6...c6 and Panno Variation (6...Nc6) without ...a6} 11. Nc5 Bc8 12. cxd5 Nxd5 {White has an edge.} 13. e4 Nc7 $146 ({Predecessor:} 13... Nxc3 14. bxc3 e5 15. Be3 b6 16. Nb3 Nd7 17. f4 exf4 18. Bxf4 {1-0 (38) Firat,B (2492)-Petrov,M (2484) Veliko Tarnovo 2017}) 14. Be3 Nd7 15. Nxd7 Bxd7 16. Qe2 Qc8 17. Kh2 Ne6 18. Rfd1 Rd8 19. Rac1 Be8 {[%cal Re6d4]} 20. d5 Nc7 21. dxc6 (21. b3 $142) 21... Bxc6 22. Nd5 $1 {[%cal Rd5e7]} Bxd5 23. exd5 {Hoping for Bf4.} Qd7 24. d6 Ne6 25. dxe7 Qxe7 26. Qb5 a6 (26... Bd4 $16) 27. Qxb7 $18 Qxb7 28. Bxb7 Rxd1 29. Rxd1 Rb8 30. Bxa6 Rxb2 (30... Ra8 {keeps fighting.}) 31. Bc4 {Strongly threatening Bxe6.} Rb4 32. Bxe6 $1 fxe6 {[%mdl 4096] Endgame KRB-KRB} 33. Rd8+ Kf7 34. Rd7+ Kg8 35. Rd2 (35. Ra7 $18) 35... Ra4 (35... Bf6 $16 36. Rd7 Ra4) 36. Kg2 ({White should try} 36. Rd8+ $18 Kf7 37. Rd7+ Kg8 38. Rd8+ Kf7 39. Rd7+ Kf8 40. Bc5+ Kg8 41. Ra7 Rxa7 42. Bxa7) 36... Bc3 (36... Bf6 $16 37. h4 h5) 37. Rd8+ Kf7 38. Rd7+ Kf6 39. Rxh7 Rxa2 40. Rd7 ({Better is} 40. g4 $1 $18) 40... Ra6 41. h4 e5 42. g4 Ra4 {[#]} (42... Ke6 $16 {is a better defense.} 43. Rd8 Ra4) 43. Kg3 $1 e4 44. Rd6+ Kf7 {Threatening ...Be5+.} 45. Kf4 Bf6 46. h5 gxh5 47. gxh5 Ra5 {And now ...Be5+ would win.} 48. Kg4 ({Weaker is} 48. Kxe4 Re5+ 49. Kd3 Rxh5 $14) 48... Ra1 $2 {[#]} (48... Be7 $18 49. Rd7 Ke6) 49. Rxf6+ $1 {[%mdl 512] Accuracy: White = 77%, Black = 35%.} 1-0

[Event "12th Arad Open 2019"]
[Site "Arad"]
[Date "2019.07.25"]
[Round "2.21"]
[White "Stoleriu, George"]
[Black "Zaim, Marian"]
[Result "1-0"]
[WhiteElo "2360"]
[BlackElo "2021"]
[Annotator "TA"]
[PlyCount "73"]
[EventDate "2019.07.24"]
[EventType "swiss"]
[EventCountry "ROU"]
[SourceTitle "playchess.com"]
[Source "ChessBase"]
[SourceQuality "1"]

{[%evp 13,72,0,0,0,8,0,6,9,20,2,9,3,12,6,21,16,0,-3,28,18,42,31,44,29,55,0,60,-10,-7,-2,20,25,33,16,56,41,62,45,54,68,72,49,219,205,223,206,191,192,701,570,575,246,1107,1093,29992,29993,29996,29997,29997,29997,29999]} 1. e4 c5 2. Be2 Nc6 3. f4 d6 4. Nf3 Nf6 5. d3 g6 6. O-O Bg7 7. c3 O-O 8. Qe1 {B22: Sicilian: 2 c3} (8. Kh1 b5 9. a3 Bb7 10. Be3 a5 11. Nbd2 b4 12. d4 bxc3 13. bxc3 a4 14. Rb1 cxd4 15. cxd4 Na5 {1-0 (60) Kovalev,V (2639)-Moiseenko,A (2667) Riadh 2017}) 8... e6 9. Qh4 Ne8 $146 ({Predecessor:} 9... Nd7 10. Qg3 d5 11. Na3 a6 12. Nc2 b5 13. f5 dxe4 14. dxe4 exf5 15. exf5 {0-1 (49) Melamed,T (2384)-Ziaziulkina,N (2321) Belgrade 2013}) 10. Qxd8 {The position is equal.} Nxd8 11. Be3 b6 12. a4 Nf6 13. h3 Nc6 14. Na3 $36 {[%mdl 2048] Black is under pressure.} Rd8 15. Rab1 d5 16. e5 Nd7 17. d4 Bf8 18. g4 Ndb8 19. Rbc1 (19. Nc2 $14) 19... Bd7 (19... Na5 $11) 20. Bd3 (20. dxc5 $14 Bxc5 21. Nc2) 20... Na5 $11 21. f5 Nbc6 22. h4 cxd4 23. cxd4 Nb4 24. Bb1 $1 exf5 25. gxf5 Bxf5 26. Bxf5 gxf5 27. Kh2 h6 $2 (27... Rd7 $1 $14) 28. Rg1+ $18 Kh8 29. Rc7 Nd3 30. Rxf7 {Black must now prevent Ng5!} Nxb2 $2 (30... f4) 31. Nb5 Nac4 {[#]} 32. Bc1 (32. Ng5 $142 $1 {[%mdl 512] Intending Rh7+ and mate.} Bb4 (32... hxg5 33. Bxg5) 33. Rh7+ {[%mdl 64] Double Attack} Kg8 34. Rxh6 Nxe5 35. dxe5 Bf8 36. Ne6+ Kf7 37. Nxf8) 32... a6 $2 (32... Nd3 33. Ng5 (33. Rxf5 Rd7 $14) 33... Bg7) 33. Rg6 {White wants to mate with Bg5.} axb5 {[#]} 34. Bg5 $1 {[%mdl 512] White mates.} Ne3 (34... hxg5 35. Nxg5) 35. Bf6+ Bg7 36. Rgxg7 {[%cal Rg7g6]} Ng4+ 37. Rxg4# {Accuracy: White = 54%, Black = 22%.} 1-0

[Event "12th Arad Open 2019"]
[Site "Arad"]
[Date "2019.07.25"]
[Round "2.22"]
[White "Breitkopf, Francisc"]
[Black "Gheorghiu, Calin"]
[Result "1-0"]
[WhiteElo "1994"]
[BlackElo "2345"]
[Annotator "RC"]
[PlyCount "115"]
[EventDate "2019.07.24"]
[EventType "swiss"]
[EventCountry "ROU"]
[SourceTitle "playchess.com"]
[Source "ChessBase"]
[SourceQuality "1"]
[TimeControl "40/5400+30:900+30"]

1. e4 {[%emt 0:00:01]} e6 {[%emt 0:00:00]} 2. c4 {[%emt 0:02:28]} c5 {[%emt 0:00:29]} 3. Nc3 {[%emt 0:00:27]} Nc6 {[%emt 0:00:27]} 4. d3 {[%emt 0:06:13]} g6 {[%emt 0:00:54]} 5. g3 Bg7 {[%emt 0:00:15]} 6. Bg2 {[%emt 0:13:16]} Nge7 {[%emt 0:00:09]} 7. Nge2 {[%emt 0:01:04]} O-O {[%emt 0:00:12]} 8. O-O {[%emt 0:00:29]} d6 {[%emt 0:00:27]} 9. Be3 {[%emt 0:07:25]} Nd4 {[%emt 0:07:54]} 10. Qd2 {[%emt 0:01:20]} Re8 {[%emt 0:00:26]} 11. Bh6 {[%emt 0:02:23]} Bh8 {[%emt 0:00:46]} 12. Nxd4 {[%emt 0:03:03]} cxd4 {[%emt 0:00:57]} 13. Ne2 {[%emt 0:01:03]} Bd7 {[%emt 0:03:38]} 14. b4 {[%emt 0:05:28]} a6 {[%emt 0:05:15]} 15. a4 {[%emt 0:01:35]} a5 {[%emt 0:02:52]} 16. b5 {[%emt 0:00:59]} Qb6 {[%emt 0:01:15]} 17. Qa2 {[%emt 0:07:40]} Rac8 {[%emt 0:04:05]} 18. Rac1 {[%emt 0:12:30]} Rc5 {[%emt 0:04:57]} 19. Rc2 {[%emt 0:05:09]} g5 {[%emt 0:03:23]} 20. h3 {[%emt 0:18:18]} Ng6 {[%emt 0:06:01]} 21. f4 {[%emt 0:01:14]} Bf6 {[%emt 0:05:31]} 22. Kh2 {[%emt 0:01:43]} e5 {[%emt 0:08:56]} 23. fxg5 {[%emt 0:01:35]} Be7 {[%emt 0:00:09]} 24. Ng1 {[%emt 0:00:37]} Qd8 {[%emt 0:01:35]} 25. Rcf2 {[%emt 0:01:23]} Be6 {[%emt 0:03:08]} 26. Qd2 {[%emt 0:00:08]} Kh8 {[%emt 0:01:03]} 27. h4 {[%emt 0:01:56]} Kg8 {[%emt 0:06:39]} 28. Bh3 {[%emt 0:00:28]} Nh8 {[%emt 0:01:43]} 29. Qe2 Qd7 {[%emt 0:00:52]} 30. Qh5 {[%emt 0:00:44]} Bd8 {[%emt 0:02:03]} 31. Bf5 {[%emt 0:00:42]} Ng6 {[%emt 0:00:16]} 32. Qg4 {[%emt 0:00:43]} Bxf5 {[%emt 0:05:33]} 33. Rxf5 {[%emt 0:00:06]} Re6 {[%emt 0:07:35]} 34. h5 {[%emt 0:00:37]} Nh8 {[%emt 0:01:36]} 35. Nf3 {[%emt 0:00:47]} Rc7 {[%emt 0:04:12]} 36. Nh4 {[%emt 0:00:02]} Be7 {[%emt 0:00:50]} 37. Qf3 {[%emt 0:00:58]} Qe8 {[%emt 0:00:29]} 38. Rf2 {[%emt 0:00:54]} Bd8 {[%emt 0:00:44]} 39. Qg4 {[%emt 0:00:09]} Qd7 {[%emt 0:00:47]} 40. Qh3 {[%emt 0:00:00]} Qc8 {[%emt 0:00:00]} 41. Qf1 {[%emt 0:02:01]} Rd7 {[%emt 0:03:48]} 42. Kg2 {[%emt 0:02:46]} Qc5 {[%emt 0:00:19]} 43. Nf3 {[%emt 0:01:33]} Qa3 {[%emt 0:00:21]} 44. Qd1 {[%emt 0:00:06]} Bb6 {[%emt 0:04:18]} 45. Nh2 {[%emt 0:00:59]} d5 {[%emt 0:06:00]} 46. cxd5 {[%emt 0:02:41]} Re8 {[%emt 0:00:13]} 47. Ng4 {[%emt 0:00:16]} Bd8 {[%emt 0:00:13]} 48. Nf6+ {[%emt 0:00:25]} Bxf6 {[%emt 0:00:05]} 49. gxf6 {[%emt 0:00:01]} Rc7 {[%emt 0:00:09]} 50. Rg5+ {[%emt 0:03:15]} Ng6 {[%emt 0:00:06]} 51. hxg6 {[%emt 0:00:13]} hxg6 {[%emt 0:00:18]} 52. Bg7 {[%emt 0:00:22]} Rc1 {[%emt 0:00:25]} 53. Rh5 {[%emt 0:03:09]} gxh5 {[%emt 0:02:31]} 54. Qxh5 {[%emt 0:00:01]} Rg1+ {[%emt 0:00:19]} 55. Kxg1 {[%emt 0:00:30]} Qc1+ {[%emt 0:00:07]} 56. Kg2 {[%emt 0:00:20]} Qh1+ {[%emt 0:00:41]} 57. Kxh1 {[%emt 0:02:22]} Rc8 {[%emt 0:00:05]} 58. Qh8# {[%emt 0:00:24]} 1-0

[Event "12th Arad Open 2019"]
[Site "Arad"]
[Date "2019.07.25"]
[Round "2.23"]
[White "Ileana, George"]
[Black "Albu, George"]
[Result "1-0"]
[WhiteElo "2344"]
[BlackElo "2014"]
[Annotator "TA"]
[PlyCount "106"]
[EventDate "2019.07.24"]
[EventType "swiss"]
[EventCountry "ROU"]
[SourceTitle "playchess.com"]
[Source "ChessBase"]
[SourceQuality "1"]

{[%evp 9,106,65,70,69,67,81,73,86,102,95,91,69,85,68,110,106,106,1,16,25,12,20,16,0,10,9,51,56,58,50,47,52,63,58,62,60,60,56,59,39,50,39,52,38,44,42,38,35,65,22,22,18,25,24,70,43,59,48,100,96,108,108,102,114,251,258,682,640,664,645,899,897,2103,1869,1795,1757,3047,3218,1210,2145,1965,1744,1116,1699,6717,5287,29972,10906,5085,3429,29977,29978,29979,29971,29982,29983,29984,29985,29984]} 1. d4 c5 2. c3 g6 3. Nf3 Bg7 4. e4 d5 5. dxc5 Nf6 (5... dxe4 6. Qxd8+ Kxd8 7. Ng5 Nh6 8. Nxe4 Bf5 9. Ng3 Nd7 10. Na3 Nxc5 11. Be3 b6 12. O-O-O+ Kc7 13. Nb5+ Kb7 14. Nxf5 Nxf5 15. Bxc5 bxc5 16. Bd3 Rad8 17. Rhe1 {½-½ (17) Palac,M (2568)-Cebalo,M (2544) Reggio Emilia 2003}) 6. exd5 {B27: Sicilian: 2 Nf3, unusual Black 2nd moves} Qxd5 7. Qxd5 Nxd5 8. Bc4 {White is better.} Nc7 9. Be3 Be6 10. Bb3 $146 (10. Na3 {with more complications.} Nd7 11. Nb5 Nxb5 12. Bxb5 O-O 13. Nd4) ({Predecessor:} 10. Be2 Nc6 11. O-O O-O-O 12. Na3 h6 13. Nb5 {½-½ (34) Loupos,V (2007)-Tsiros,F (1991) Athens 2014}) 10... O-O 11. Nbd2 Rc8 12. O-O Nd7 13. Rac1 ({Better is} 13. Rfd1 $16) 13... Nd5 $11 14. Rfe1 Nxc5 15. Bxc5 Rxc5 16. Ne4 Ra5 $1 17. Neg5 Nf4 (17... Bd7 {seems wilder.} 18. Ne5 Be8 19. g3 e6 20. Nc4 Ra6) 18. Nxe6 Nxe6 19. Bxe6 fxe6 20. a3 Ra6 21. Rcd1 Bf6 22. Kf1 Kf7 23. Rd7 Rb6 24. Re2 Rc8 25. Rd3 Rd6 26. Red2 Rcd8 27. Ke2 b5 28. g3 Ke8 29. Ke3 Kd7 30. Ke4 Kc6 31. Nd4+ Bxd4 32. Rxd4 {[%mdl 4096] Endgame KRR-KRR} Rf8 33. f4 a6 (33... Rf5 $14) 34. g4 $16 h5 35. h3 hxg4 36. hxg4 Rh8 {[#]} (36... g5 $16) 37. Ke5 $1 $18 {[%cal Rd4d6]} Rxd4 $2 (37... Rh4 38. Rxd6+ exd6+ 39. Rxd6+ {[%mdl 64] Double Attack} Kc7 40. Rxa6 Rxg4 41. Rxe6 Rg2) 38. Rxd4 {KR-KR} ({And not} 38. cxd4 Kd7 $11) 38... Rh2 39. Kxe6 Rxb2 40. Kxe7 Rb3 41. Rd6+ Kc5 42. Rxa6 Rxc3 43. Kf6 Rg3 44. Kg5 (44. g5 $142 Rf3 45. Kxg6 Rxf4 46. Kh7) 44... Rf3 45. a4 b4 46. Rxg6 Ra3 47. Rg8 Rxa4 48. Rc8+ (48. f5 $142 Kd6 49. f6 Ke6 50. Rb8 b3 51. Rxb3 Ra8 52. Rb6+ Kf7 53. Rb7+ Ke6 54. f7) 48... Kd6 49. f5 b3 50. Rb8 {White mates.} Ra3 51. f6 Ke6 52. Kg6 Ra4 53. g5 Kd5 {Accuracy: White = 65%, Black = 37%.} 1-0

[Event "12th Arad Open 2019"]
[Site "Arad"]
[Date "2019.07.25"]
[Round "2.24"]
[White "Sandor, Tamas"]
[Black "Marjanovic, Annamaria"]
[Result "0-1"]
[WhiteElo "1964"]
[BlackElo "2343"]
[Annotator "TA"]
[PlyCount "84"]
[EventDate "2019.07.24"]
[EventType "swiss"]
[EventCountry "ROU"]
[SourceTitle "playchess.com"]
[Source "ChessBase"]
[SourceQuality "1"]

{[%evp 12,84,35,-4,4,-2,2,-13,0,0,-9,-6,-11,0,-2,-3,-3,-2,0,0,0,-21,-23,-35,-20,-8,0,-11,0,0,0,0,0,0,0,0,0,0,0,-58,-60,-72,-66,-66,-66,-66,-65,-119,-124,-181,-170,-181,-154,-202,-214,-181,-145,-166,-160,-239,-164,-131,-116,-121,-112,-283,-281,-270,-269,-274,-275,-400,-194,-889,-886]} 1. e4 e6 2. d4 d5 3. Nd2 c5 4. exd5 Qxd5 5. Ngf3 cxd4 6. Bc4 Qd6 7. Qe2 Nf6 {C07: French Tarrasch: 3...c5, 4 Ngf3 and 4 exd5 Qxd5} 8. Nb3 Nc6 9. Bb5 (9. Bg5 Qb4+ 10. Bd2 Qb6 11. O-O-O Bd7 12. Bf4 Bc5 13. Ne5 O-O 14. g4 Rad8 15. Bd3 Bd6 16. g5 Nd5 17. Bg3 Nxe5 18. Bxe5 Bxe5 19. Qxe5 {0-1 (32) Sanal,V (2478)-Akopian,V (2656) Dubai 2016}) 9... Bd7 {The position is equal.} 10. Bxc6 Qxc6 $146 ({Predecessor:} 10... Bxc6 11. Nbxd4 Be7 12. Bg5 Bxf3 13. Nxf3 O-O 14. O-O Rfd8 15. Rfd1 {0-1 (35) Taylor,W (2017)-Roberts,P (2215) London 2013}) 11. Nbxd4 Qe4 12. Qxe4 Nxe4 13. Ne5 Ba4 14. f3 Bc5 15. Be3 Nf6 16. c3 Nd5 17. Bf2 Bd6 18. Nd3 O-O-O 19. b3 Bd7 20. c4 Nb4 $36 {[%mdl 2048] Black is more active.} 21. Nxb4 Bxb4+ 22. Ke2 b6 23. a3 Be7 24. Rhd1 e5 25. Nc2 ({White should try} 25. Nb5 $11) 25... e4 $15 26. Ne3 exf3+ 27. gxf3 Rhe8 28. Kf1 Bh3+ 29. Kg1 (29. Ke2 $1 $15) 29... Rxd1+ $17 30. Nxd1 (30. Rxd1 $17 Bxa3 31. Ra1) 30... Bf6 31. Rc1 Bg5 32. Rc3 {[#]} Rd8 $1 {[%cal Rd8d1]} 33. Ne3 {intending Nd5.} Rd2 34. c5 {[#]} b5 $1 35. Be1 (35. b4 $17 {is a better defense.}) 35... Rb2 {And now ...Rb1! would win.} 36. Bg3 Bf6 37. Rd3 h5 38. Bf2 $2 (38. c6 $17) 38... Rb1+ $19 39. Rd1 Rxb3 40. Nd5 Rxf3 41. Rb1 (41. Nxf6 $142 gxf6 42. Ra1) 41... Rf5 (41... Be5 $142 42. Re1 f6) 42. Nb4 $2 (42. Nxf6 Rxf6 43. Rb4) 42... Rg5+ {Accuracy: White = 43%, Black = 67%.} 0-1

[Event "12th Arad Open 2019"]
[Site "Arad"]
[Date "2019.07.25"]
[Round "2.25"]
[White "Dobre, Claudiu-Cristian"]
[Black "Dobre, Radu-Fabian"]
[Result "1-0"]
[WhiteElo "2340"]
[BlackElo "2004"]
[Annotator "TA"]
[PlyCount "81"]
[EventDate "2019.07.24"]
[EventType "swiss"]
[EventCountry "ROU"]
[SourceTitle "playchess.com"]
[Source "ChessBase"]
[SourceQuality "1"]

{[%evp 17,81,3,10,4,25,25,33,36,52,25,19,5,14,0,62,33,28,20,14,22,29,21,31,16,80,79,86,80,77,64,68,14,98,56,76,56,95,46,64,41,159,160,129,138,133,137,148,167,147,123,209,203,784,750,2497,745,29970,29958,6025,0,919,0,6295,5590,29991,29992]} 1. c4 e6 2. Nf3 d5 3. g3 Nf6 4. Bg2 Be7 5. O-O O-O 6. b3 b6 7. Bb2 Bb7 8. cxd5 exd5 9. d4 Nbd7 10. Ne5 {E17: Queen's Indian: 4 g3 Bb7 5 Bg2 Be7} (10. Nc3 Re8 11. a3 a6 12. Ne5 Bf8 13. Nd3 Ne4 14. Qc2 Bd6 15. e3 Qe7 16. Nb4 Bxb4 17. axb4 Nxc3 18. Bxc3 Nf6 {½-½ (42) Fedoseev,V (2715)-Abdusattorov,N (2560) Sharjah 2019}) 10... c5 11. Nd3 Re8 12. Nc3 {White is slightly better.} Ne4 $146 ({Predecessor:} 12... Bd6 13. Re1 Rc8 14. e3 Bc6 15. Rc1 cxd4 16. exd4 Ne4 17. Nxe4 dxe4 18. d5 Bxd5 19. Rxc8 Qxc8 20. Nf4 Bxf4 21. Qxd5 Be5 22. Qxe4 Nf6 23. Qb1 Bxb2 {½-½ (25) Tseng,W (2399)-Rost,D (2470) ICCF email 2013}) 13. dxc5 Ndxc5 14. Nf4 {[%cal Rc3d5]} Bf6 15. Rc1 g6 (15... Nxc3 $11 16. Bxc3 Bxc3 17. Rxc3 Qf6) 16. Rc2 {[%cal Rf4d5]} Nxc3 17. Bxc3 Bxc3 18. Rxc3 {[%cal Rg2d5]} Qf6 19. Rc2 Rad8 20. Qa1 Qf5 (20... d4 $11 {keeps the balance.}) 21. Qb2 $16 a5 22. Rd1 Rd6 23. h4 h6 24. Rcd2 (24. Bh3 $14 Qe5 25. Qxe5 Rxe5 26. e3) 24... Red8 (24... Ne4 $1 $11) 25. b4 axb4 26. Qxb4 g5 {[#]} 27. e4 $1 {[%mdl 512]} Qe5 $1 (27... Nxe4 28. Bxe4) 28. Nxd5 Bxd5 (28... gxh4 $1 $14 29. gxh4 Kh8) 29. exd5 Ra8 30. hxg5 hxg5 31. Qg4 Kf8 32. Re2 Qf6 33. Qh5 Na4 (33... Re8 $16 {is a better defense.} 34. Rxe8+ Kxe8) 34. Rde1 Nc3 $2 (34... Nc5 35. Re5 Nd3) 35. Re5 $18 Rdd8 {[#]} 36. Rxg5 (36. Rf5 $142 $1 {[%mdl 512]} Qg7 (36... Qxf5 37. Qh8#) 37. Rxg5) 36... Rxa2 37. Rf5 Qg7 38. Rg5 $40 {[%mdl 128] White has some attack.} (38. Qh4 $142 Ne2+ {[#]} 39. Rxe2 $1 {[%mdl 512]} Rxe2 40. Qxd8+ {[%mdl 64] Double Attack} Re8 41. Qh4) 38... Qf6 $1 {[%cal Rf6f2]} 39. Rf5 (39. Bf3 $142 Nxd5 40. Rf5) 39... Qg7 40. Qh4 {[%cal Rh4d8]} Re8 41. Qb4+ {[%mdl 64] Double Attack. Accuracy: White = 38%, Black = 29%.} 1-0